Street Children (Record no. 1458002)

MARC details
000 -LEADER
fixed length control field 00510nam a2200193Ia 4500
005 - DATE AND TIME OF LATEST TRANSACTION
control field 20250923145955.0
008 - FIXED-LENGTH DATA ELEMENTS--GENERAL INFORMATION
fixed length control field 008 250917s9999 xx 000 0 eng d
037 ## - SOURCE OF ACQUISITION
Stock number Textual
040 ## - CATALOGING SOURCE
Original cataloging agency DSWL
Language of cataloging eng
Transcribing agency DSWL
041 ## - LANGUAGE CODE
Language code of text/sound track or separate title eng
Source of code eng
084 ## - COLON CLASSIFICATION NUMBER
Classification number Y11-57x1, N94
Assigning agency DSWL
245 #0 - TITLE STATEMENT
Title Street Children
Statement of responsibility, etc. Ed. by Asha Rane
260 ## - PUBLICATION, DISTRIBUTION, ETC.
Place of publication, distribution, etc. Bombay
Name of publisher, distributor, etc. T.I.S.S.
Date of publication, distribution, etc. 1994
300 ## - PHYSICAL DESCRIPTION
Extent xvi,251 p.
365 ## - TRADE PRICE
Price type code INR
Price amount 70.00
925 ## -
-- 70.00
942 ## - ADDED ENTRY ELEMENTS (KOHA)
Koha item type Textual
Classification part Y11-57x1, N94
Holdings
Withdrawn status Lost status Damaged status Not for loan Home library Current library Date acquired Total Checkouts Full call number Barcode Date last seen Price effective from Koha item type
        Department of Social Work Library Department of Social Work Library 2025-09-23   Y11-57x1, N94 SW0026284 2025-09-23 2025-09-23 Textual
Copyright @ Delhi University Library System